| 000 | 00450pab a2200181 454500 | ||
|---|---|---|---|
| 008 | 180718b2014 xxu||||| |||| 00| 0 eng d | ||
| 100 | _aMohapatra, Amiya Kumar | ||
| 245 | _aRural - Urban migration in India - A critical review | ||
| 260 | _c2014 | ||
| 300 | _ap.18-21. | ||
| 362 | _aSep | ||
| 650 | _aRural migration - India | ||
| 650 | _aMigration | ||
| 650 | _aRural migration | ||
| 773 | _aKurukshetra | ||
| 908 | _aN | ||
| 909 | _a105432 | ||
| 999 |
_c105427 _d105427 |
||